000 00381 a2200169 4500
001 162855
020 _a85-322-1891-1
040 _cMagnum
100 _aBoulos Junior, Alfredo
240 1 0 _a19 De abril, dia do índio
_lpor
245 1 0 _a19 De abril, dia do índio
300 _a37
362 0 _a1996
440 1 _aFTD
697 _aLITERATURA INFANTO-JUVENIL
942 _cBK
999 _c162855
_d162855